000 00479nam a22001697a 4500
020 _a9789385528835
082 _a305.800 954
_bCHA/T
100 _aChandalia H S
_948165
245 _aTribal literature, culture and knowledge systems/
_cby Chandalia H S
260 _aJaipur:
_bYking Books,
_c2017.
300 _a150p.
650 _aEthinical Group
_948166
650 _aTribal Culture
_948167
650 _aTribes India
_948168
650 _aSocial Sciences
_948169
942 _cBK
999 _c71930
_d71930